The book of lies /

সংরক্ষণ করুন:
গ্রন্থ-পঞ্জীর বিবরন
প্রধান লেখক: Picano, Felice (লেখক)
বিন্যাস: গ্রন্থ
ভাষা:ইংরেজি
প্রকাশিত: Los Angeles : Alyson Books, [c1999]
ট্যাগগুলো: ট্যাগ যুক্ত করুন
কোনো ট্যাগ নেই, প্রথমজন হিসাবে ট্যাগ করুন!

MARC

LEADER 00000nam a22000007i 4500
001 IT\ICCU\UBO\2247885
003 ItRI
005 20260115231832.0
008 030715s1999 xxu|||||| ||||| |||||c
020 |a 1555835414 
040 |b ita  |c importazione bologna sebina 
041 7 |a eng  |2 ISO-639-2 
100 1 |a Picano, Felice  |0 IT\ICCU\UBOV\813112  |4 aut 
245 1 4 |a The book of lies /  |c Felice Picano. 
260 |a Los Angeles :  |b Alyson Books,  |c [c1999] 
300 |a 423 p. ;  |c 24 cm. 
942 |2 ddc  |c BK  |n 0 
952 |0 0  |1 0  |4 0  |6 DOC_813_540000000000000_PIC  |7 0  |9 13855  |a BO  |b BO  |d 2026-01-15  |i 16656  |l 0  |o DOC 813.54 PIC  |p BO16656  |r 2026-01-15 23:18:32  |w 2026-01-15  |x [Sebina 5] [1 v.]  |y BK  |z 1 v. (2. copia) 
952 |0 0  |1 0  |4 0  |6 DOC_813_540000000000000_PIC  |7 0  |9 13856  |a BO  |b BO  |d 2026-01-15  |i 7431  |l 0  |o DOC 813.54 PIC  |p BO7431  |r 2026-01-15 23:18:32  |w 2026-01-15  |x [Sebina 5] [1 v.]  |y BK  |z 1 v. 
999 |c 11924  |d 11924